000 00311nam a22001337a 4500
008 171019b xxu||||| |||| 00| 0 eng d
020 _a9780881321593
041 _aeng
080 _a338
100 _a53
101 _aMEN
245 _aWESTERN HEMISPHERE ECONOMIC INTEGRATION
_cHUFBAUER,G.C
942 _2udc
_cBK
999 _c34825
_d34825